00852nam a22002177a 4500003000900000008004100009020001800050040007100068082001500139100002300154245004100177260008300218300004400301440001400345505009000359650002300449650002700472650002200499700003900521710007400560AR-CdUCM190319b ||||| |||| 00| 0 spa d a84-89290-19-9 aMUNICIPALIDAD PROVINCIAL DEL CUSCOcBIBLIOTECA MUNICIPAL DEL CUSCO a500 /bJ56 aJintia, Yánkuam' aAchuar matsátmau :bMundo achuar / aLima :bCentro Amazónico de Antropología y Aplicación Práctica,c1991. a191 páginas ;bilustraciones,c29 cm. aCAAAP.n1 aContenido: Animales de cacería y no de cacería -- Peces -- Plantas -- La casa ... aCiencias naturales aTraducciones al Achuar aAnimales, plantas aKantásh'Ishtik, Péas (coautor) aCentro Amazónico de Antropología y Aplicación Práctica (Lima)